Venezuela: změny v hospodářské politice po příklonu k levici

Politické pozadie súčasnej ekonomickej situácie vo Venezuele. Špecifiká ekonomiky a hospodárskej politiky. Zahraničná ekonomická politika. Prístup k regionalizmu. Súčasná ekonomická situácia Venezuely.

Na minha lista:
Detalhes bibliográficos
Autor principal: Langová, Kateřina
Outros Autores: Stuchlíková, Zuzana
Formato: Capítulo de Livro
Idioma:tcheco
Assuntos:
Tags: Adicionar Tag
Sem tags, seja o primeiro a adicionar uma tag!

MARC

LEADER 00000naa$a2200000$$$4500
001 0089628
005 20231116104547.5
041 0 |a cze 
044 |a CZ 
245 1 0 |a Venezuela: změny v hospodářské politice po příklonu k levici  |c Kateřina Langová, Zuzana Stuchlíková 
520 |a Politické pozadie súčasnej ekonomickej situácie vo Venezuele. Špecifiká ekonomiky a hospodárskej politiky. Zahraničná ekonomická politika. Prístup k regionalizmu. Súčasná ekonomická situácia Venezuely. 
610 2 0 |a situácia hospodárska 
610 2 0 |a Venezuela 
610 2 0 |a politika hospodárska 
610 2 0 |a politika medzinárodná 
610 2 0 |a spolupráca hospodárska medzinárodná 
610 2 0 |a ukazovatele makroekonomické 
100 1 |a Langová, Kateřina 
700 1 |a Stuchlíková, Zuzana